[Event "261st YMCA Summer A"]
[Site "Warsaw"]
[Date "2022.08.03"]
[Round "7"]
[White "Pichurko, Jakub"]
[Black "Pajak, Jakub"]
[Result "0-1"]
[WhiteElo "1767"]
[BlackElo "1897"]
[PlyCount "76"]
[EventDate "2022.06.29"]
[EventType "tourn"]
[EventRounds "1"]
[EventCountry "POL"]
[SourceDate "2022.07.01"]

1. d4 d6 2. Nf3 g6 3. c3 Bg7 4. Bf4 Nd7 5. h3 e5 6. dxe5 Nxe5 7. Nbd2 Ne7 8. e3
O-O 9. Be2 N7c6 10. O-O Nxf3+ 11. Nxf3 Ne5 12. Nd4 Bd7 13. a4 Nc6 14. a5 Be5
15. Bxe5 dxe5 16. Nf3 e4 17. Nd4 Qg5 18. Kh2 Rad8 19. Bc4 Ne5 20. Qe2 c5 21. f4
$11 exf3 22. Nxf3 Nxf3+ 23. Rxf3 Bc6 24. Rf4 Qe5 25. Kg1 Bd5 26. Bxd5 Rxd5 27.
Qf2 Rfd8 28. Re1 Rd2 29. Re2 Rd1+ 30. Re1 R8d2 31. Qf1 Rxe1 32. Qxe1 Rxb2 33.
Qc1 Ra2 34. Rf3 Rxa5 35. Qf1 Qxc3 36. Kh2 Qe5+ 37. Rg3 h5 38. h4 Ra4 0-1

[Event "261st YMCA Summer A"]
[Site "Warsaw"]
[Date "2022.08.22"]
[Round "7"]
[White "Moskwinski, Marek"]
[Black "Mazurek, Jerzy"]
[Result "1-0"]
[WhiteElo "1856"]
[BlackElo "1746"]
[PlyCount "87"]
[EventDate "2022.06.29"]
[EventType "tourn"]
[EventRounds "1"]
[EventCountry "POL"]
[SourceDate "2022.07.01"]

1. e4 c5 2. Nf3 Nc6 3. d4 cxd4 4. Nxd4 Nf6 5. Nc3 d6 6. Bc4 Qb6 7. Nf3 e6 8.
O-O Be7 9. Bb3 O-O 10. Be3 Qc7 11. h3 Na5 12. Qd2 Bd7 13. Nd4 a6 14. Rfd1 b5
15. a3 Nxb3 16. cxb3 Qb7 17. f3 Rfd8 18. Rac1 e5 19. Nde2 Be6 20. Nd5 Nxd5 21.
exd5 Bd7 22. Qa5 Rdc8 23. Qb6 Qxb6 24. Bxb6 Bg5 25. Rc3 Rab8 26. Bc7 b4 27.
axb4 Rxb4 28. Bxd6 Rxc3 29. bxc3 Rxb3 30. Bxe5 Be3+ 31. Kh2 a5 32. Bd6 Bb5 $11
33. Nd4 Bxd4 34. cxd4 f6 35. Rc1 Be8 36. Rc8 Kf7 37. Rc7+ Kg6 38. Bf8 Bf7 39.
d6 Rb8 40. Be7 Be8 41. d7 Bxd7 42. Rxd7 Ra8 43. Bc5 a4 44. Ra7 1-0

[Event "261st YMCA Summer A"]
[Site "Warsaw"]
[Date "2022.08.02"]
[Round "7"]
[White "Safanowski, Tomasz"]
[Black "Szewczak, Andrzej"]
[Result "1-0"]
[WhiteElo "1671"]
[BlackElo "1694"]
[PlyCount "51"]
[EventDate "2022.06.29"]
[EventType "tourn"]
[EventRounds "1"]
[EventCountry "POL"]
[SourceDate "2022.07.01"]

1. f4 b5 2. Nf3 Bb7 3. d3 e6 4. e4 f5 5. e5 Nh6 6. d4 a6 7. Bd3 Be7 8. Be3 Ng4
9. Bg1 Bh4+ 10. g3 Be7 11. h3 Nh6 12. Be3 c5 13. dxc5 Qa5+ 14. Qd2 Qc7 15. Qf2
Nc6 16. c3 b4 17. Nbd2 bxc3 18. bxc3 O-O 19. O-O Nf7 20. Nc4 g5 21. Nd6 gxf4
22. gxf4 Kh8 23. Kh2 Nh6 24. Rab1 Nd8 25. Rg1 Bxd6 26. exd6 1-0

[Event "261st YMCA Summer A"]
[Site "Warsaw"]
[Date "2022.08.05"]
[Round "8"]
[White "Kasperkiewicz, Pawel"]
[Black "Pajak, Jakub"]
[Result "1/2-1/2"]
[WhiteElo "1881"]
[BlackElo "1897"]
[PlyCount "91"]
[EventDate "2022.06.29"]
[EventType "tourn"]
[EventRounds "1"]
[EventCountry "POL"]
[SourceDate "2022.07.01"]

1. e4 e5 2. Bc4 Nf6 3. d3 Bc5 4. Nf3 Nc6 5. O-O d6 6. c3 Bg4 7. Re1 O-O 8. Nbd2
Na5 9. Bb5 a6 10. Ba4 b5 11. Bc2 b4 12. Nf1 Nc6 13. Ba4 Bd7 14. d4 exd4 15.
cxd4 Nxd4 16. Nxd4 Bxa4 17. Qxa4 Bxd4 18. Qxb4 c5 19. Qc4 Ng4 20. Ne3 Qa5 21.
Qe2 Nxe3 22. Bxe3 Bxe3 23. Qxe3 Rab8 24. b3 Rb4 25. Qd2 Qb6 26. Rad1 Rd4 27.
Qc2 Qb4 28. Re2 Re8 29. Rxd4 Qxd4 30. g3 g6 31. Rd2 Qxe4 32. Qxe4 Rxe4 33. Rxd6
Re6 34. Rxe6 fxe6 35. Kg2 e5 36. Kf3 Kf7 37. Ke4 Ke6 38. h4 a5 39. g4 Kd6 40.
h5 Ke6 41. hxg6 hxg6 42. f3 Kd6 43. f4 exf4 44. Kxf4 Ke6 45. Kg5 Kf7 46. Kf4
$11 1/2-1/2

[Event "261st YMCA Summer A"]
[Site "Warsaw"]
[Date "2022.08.10"]
[Round "8"]
[White "Szewczak, Andrzej"]
[Black "Safanowski, Tomasz"]
[Result "0-1"]
[WhiteElo "1694"]
[BlackElo "1671"]
[PlyCount "87"]
[EventDate "2022.06.29"]
[EventType "tourn"]
[EventRounds "1"]
[EventCountry "POL"]
[SourceDate "2022.07.01"]

1. b4 d5 2. Bb2 Nf6 3. e3 Bf5 4. b5 e6 5. Nf3 Bd6 6. Be2 O-O 7. Nh4 Qe7 8. Nxf5
exf5 9. f4 c5 10. bxc6 Nxc6 11. O-O Rfe8 12. Bd3 Ne4 13. Qh5 Qe6 14. Rf3 g6 15.
Qh6 Bf8 16. Qh4 h5 17. a3 Rad8 18. Rh3 Be7 19. Qe1 d4 20. Bxe4 Qxe4 21. d3 Qd5
22. e4 fxe4 23. dxe4 Bc5 24. exd5 Rxe1+ 25. Kf2 Rde8 26. Rd3 R1e2+ 27. Kf1 Rxc2
28. dxc6 Rxb2 29. c7 Rc8 30. Nd2 Rxc7 31. Rc1 b6 32. Ne4 Re7 33. Nxc5 bxc5 34.
Rxc5 Ree2 35. Rxd4 Rf2+ 36. Kg1 Rxg2+ 37. Kf1 Rxh2 38. Kg1 h4 39. Rg5 Kg7 40.
Rg4 f6 41. f5 g5 42. Rd7+ Kh6 43. Re4 h3 44. Rb4 0-1

[Event "261st YMCA Summer A"]
[Site "Warsaw"]
[Date "2022.08.05"]
[Round "8"]
[White "Pichurko, Jakub"]
[Black "Mazurek, Jerzy"]
[Result "0-1"]
[WhiteElo "1767"]
[BlackElo "1746"]
[PlyCount "68"]
[EventDate "2022.06.29"]
[EventType "tourn"]
[EventRounds "1"]
[EventCountry "POL"]
[SourceDate "2022.07.01"]

1. d4 Nf6 2. Nf3 g6 3. Bf4 Bg7 4. e3 O-O 5. Be2 d6 6. h3 c5 7. c3 b6 8. O-O Bb7
9. Nbd2 Nbd7 10. a4 a6 11. Bh2 Ra7 12. Re1 Re8 13. dxc5 bxc5 14. a5 Qa8 15. Nc4
$11 Bc6 16. Nb6 Qb7 17. Nxd7 Nxd7 18. Qd2 Rb8 19. Ra2 Bd5 20. Raa1 Nf6 21. Red1
Qxb2 22. Rab1 Qxb1 23. Rxb1 Rxb1+ 24. Ne1 Rab7 25. Kf1 R7b2 26. Qd3 c4 27. Qd4
Bxg2+ 28. Kxg2 Rxe2 29. Nf3 Rbb2 30. Bg1 d5 31. Qf4 Ne4 32. Ng5 Rxf2+ 33. Bxf2
Rxf2+ 34. Qxf2 Nxf2 0-1

[Event "261st YMCA Summer A"]
[Site "Warsaw"]
[Date "2022.08.10"]
[Round "9"]
[White "Moskwinski, Marek"]
[Black "Pajak, Jakub"]
[Result "1-0"]
[WhiteElo "1856"]
[BlackElo "1897"]
[PlyCount "147"]
[EventDate "2022.06.29"]
[EventType "tourn"]
[EventRounds "1"]
[EventCountry "POL"]
[SourceDate "2022.07.01"]

1. e4 e5 2. Nf3 Nf6 3. Nc3 d6 4. d4 Nbd7 5. Bc4 exd4 6. Nxd4 Nb6 7. Bb3 c5 8.
Nf3 c4 9. Ba4+ Nxa4 10. Nxa4 d5 11. exd5 Qxd5 12. Nc3 Qxd1+ 13. Nxd1 Bd6 14.
O-O O-O 15. Ne3 b5 16. a4 bxa4 17. Nxc4 Bc7 18. Rd1 Bg4 19. Rxa4 Rad8 20. Re1
Rfe8 21. Rxe8+ Nxe8 22. Ne3 f5 23. Rd4 Bxf3 24. Rxd8 Bxd8 25. gxf3 g6 26. Nd5
Kf7 27. Be3 a6 28. Nb4 Bf6 29. c3 Nd6 30. Nxa6 Nc4 31. Bc1 Ne5 32. Nb4 Nxf3+
33. Kg2 Ne1+ 34. Kg3 Ke6 35. f4 Be7 36. Kf2 Bh4+ 37. Ke2 Ng2 38. Nd3 Bf6 39. c4
h6 40. b4 g5 41. b5 g4 42. b6 Kd6 43. c5+ Kc6 44. Nb4+ Kb7 45. c6+ Kxb6 46.
Nd5+ Kxc6 47. Nxf6 Kd6 48. Be3 Ke6 49. Nh5 Nh4 50. Kf2 Ng6 51. Bd4 Nh4 52. Kg3
Nf3 53. Ng7+ Kd5 54. Nxf5 Ke4 55. Nxh6 Nxd4 56. Kxg4 Kd5 57. Nf5 Ne2 58. h4 Ke6
59. Kg5 Kf7 60. h5 Nc3 61. Nd6+ Kg7 62. h6+ Kh7 63. f5 Nd5 64. Ne4 Nc7 65. Nf6+
Kh8 66. Ng4 Kh7 67. f6 Ne6+ 68. Kf5 Nf8 69. f7 Ng6 70. Kf6 Kh8 71. Ne5 Nf8 72.
Ke7 Ng6+ 73. Nxg6+ Kh7 74. f8=Q 1-0

[Event "261st YMCA Summer A"]
[Site "Warsaw"]
[Date "2022.08.10"]
[Round "9"]
[White "Mazurek, Jerzy"]
[Black "Szewczak, Andrzej"]
[Result "1-0"]
[WhiteElo "1746"]
[BlackElo "1694"]
[PlyCount "89"]
[EventDate "2022.06.29"]
[EventType "tourn"]
[EventRounds "1"]
[EventCountry "POL"]
[SourceDate "2022.07.01"]

1. e4 e5 2. Nf3 Nc6 3. Bb5 Bc5 4. c3 Qf6 5. d4 exd4 6. e5 Qg6 7. O-O dxc3 8.
Nxc3 Nge7 9. Bd3 Qh5 10. Qe2 d5 11. Nb5 Bb6 12. Nd6+ cxd6 13. exd6 Bg4 14. dxe7
Bc7 15. h3 Bxf3 16. Qxf3 Qxf3 17. gxf3 Bd6 18. Kg2 a6 19. a3 Nxe7 20. Re1 Kd7
21. b4 f6 22. Bd2 h5 23. a4 h4 24. a5 g5 25. b5 axb5 26. Bxb5+ Nc6 27. Bc3 Rhf8
28. Rad1 Kc7 29. Rxd5 Ne7 30. Rxe7+ Bxe7 31. Rd7+ Kb8 32. Rxe7 b6 33. axb6 Ra2
34. Re8+ Rxe8 35. Bxe8 Re2 36. Bg6 Re6 37. Bd4 Rd6 38. Be3 Rd1 39. Be4 Rd6 40.
f4 Re6 41. Bf5 Rc6 42. fxg5 fxg5 43. Kf3 Rc4 44. Bxg5 Rb4 45. Be3 1-0

[Event "261st YMCA Summer A"]
[Site "Warsaw"]
[Date "2022.08.10"]
[Round "9"]
[White "Pichurko, Jakub"]
[Black "Safanowski, Tomasz"]
[Result "0-1"]
[WhiteElo "1767"]
[BlackElo "1671"]
[PlyCount "110"]
[EventDate "2022.06.29"]
[EventType "tourn"]
[EventRounds "1"]
[EventCountry "POL"]
[SourceDate "2022.07.01"]

1. Nf3 Nf6 2. b3 d5 3. Bb2 Bf5 4. e3 e6 5. d4 Nbd7 6. Bd3 Bd6 7. O-O c6 8. c4
Ne4 9. Ne5 Qc7 10. Nxd7 Bxh2+ 11. Kh1 Kxd7 12. Bxe4 Bxe4 13. Qh5 Bd6 14. Qxf7+
Be7 15. cxd5 exd5 16. Ba3 Rae8 17. Bxe7 Rxe7 18. Qf4 $11 Qxf4 19. exf4 Bd3 20.
Rd1 Bxb1 21. Rdxb1 Re2 22. Kg1 Rhe8 23. Rd1 Rc2 24. Rd3 Ree2 25. Rf1 Rcd2 26.
Rh3 h6 27. Rg3 Re7 28. f5 Rxd4 29. f6 gxf6 30. Rg6 Re6 31. Rxh6 Rd2 32. a4 c5
33. Rc1 Kd6 34. Rh7 Kc6 35. Rh3 b6 36. g4 a6 37. f4 b5 38. axb5+ axb5 39. g5
fxg5 40. fxg5 c4 41. Rh6 Rxh6 42. gxh6 Rd4 43. bxc4 dxc4 44. Kg2 Rg4+ 45. Kf3
Rh4 46. Ra1 Kb6 47. Ke3 Rxh6 48. Kd4 Rh3 49. Rd1 Rd3+ 50. Rxd3 cxd3 51. Kxd3
Ka5 52. Kc3 Ka4 53. Kc2 Ka3 54. Kc3 b4+ 55. Kc2 Ka2 0-1

[Event "261st YMCA Summer A"]
[Site "Warsaw"]
[Date "2022.08.12"]
[Round "10"]
[White "Moskwinski, Marek"]
[Black "Kasperkiewicz, Pawel"]
[Result "1/2-1/2"]
[WhiteElo "1856"]
[BlackElo "1881"]
[PlyCount "133"]
[EventDate "2022.06.29"]
[EventType "tourn"]
[EventRounds "1"]
[EventCountry "POL"]
[SourceDate "2022.07.01"]

1. e4 e6 2. d4 d5 3. Nc3 Nf6 4. Bg5 dxe4 5. Nxe4 Be7 6. Bxf6 gxf6 7. Nf3 a6 8.
g3 f5 9. Nc3 Bf6 10. Bg2 Nc6 11. Ne2 Ne7 12. c3 Bd7 13. Ne5 Bxe5 14. dxe5 Bc6
15. O-O Qxd1 16. Rfxd1 Bxg2 17. Kxg2 Nc6 18. f4 Ke7 $11 19. Nd4 Nxd4 20. Rxd4
Rad8 21. Rad1 Rxd4 22. Rxd4 Rg8 23. Rb4 b6 24. Ra4 Rd8 25. Rd4 Rxd4 26. cxd4
Kd7 27. Kh3 Kc6 28. Kh4 Kd5 29. Kg5 Kxd4 30. Kf6 Kd5 31. Kxf7 h5 32. Kg6 c5 33.
Kxh5 c4 34. Kg6 b5 35. a3 a5 36. h4 b4 37. axb4 axb4 38. h5 c3 39. bxc3 bxc3
40. h6 c2 41. h7 c1=Q 42. h8=Q Qa3 43. Qh1+ Kc5 44. Qg1+ Kd5 45. Qg2+ Kd4 46.
Qf2+ Ke4 47. Qg2+ Kd4 48. Kf6 Qb3 49. Qd2+ Ke4 50. Qe1+ Kf3 51. Qg1 Qc4 52. Qh2
Qb3 53. Qh4 Kg2 54. Qg5 Kh3 55. Qg8 Qxg3 56. Qxg3+ Kxg3 57. Kxe6 Kxf4 58. Kd6
Kg3 59. e6 f4 60. e7 f3 61. e8=Q f2 62. Qe2 Kg2 63. Ke5 Kg1 64. Qg4+ Kh1 65.
Qh3+ Kg1 66. Qg3+ Kh1 67. Qxf2 1/2-1/2

[Event "261st YMCA Summer A"]
[Site "Warsaw"]
[Date "2022.08.12"]
[Round "10"]
[White "Szewczak, Andrzej"]
[Black "Pichurko, Jakub"]
[Result "1-0"]
[WhiteElo "1694"]
[BlackElo "1767"]
[PlyCount "127"]
[EventDate "2022.06.29"]
[EventType "tourn"]
[EventRounds "1"]
[EventCountry "POL"]
[SourceDate "2022.07.01"]

1. b4 e5 2. Bb2 Bxb4 3. Bxe5 Nf6 4. Nf3 O-O 5. e3 Re8 6. Be2 d5 7. O-O Nc6 8.
Bb2 Bf8 9. d3 h6 10. Nbd2 Bf5 11. h3 Qe7 12. a4 b6 13. Nb3 Nb8 14. a5 Nbd7 15.
Nfd4 Bh7 16. Nc6 Qd6 17. Nbd4 Nc5 18. Nxa7 bxa5 19. Nac6 a4 20. Ba3 Qd7 21. Bf3
Ne6 22. Ne5 Qc8 23. Ndc6 Bd6 24. Ng4 Nxg4 25. hxg4 Bxa3 26. Rxa3 Qd7 27. Nd4
Nxd4 28. exd4 Ra6 29. Qd2 Qd6 30. Rfa1 Rb8 31. g3 Qf6 32. Bxd5 Qxd4 33. Bf3 Bg6
34. Qe3 Qb2 35. Qc5 Rf6 36. Kg2 Qb6 37. Qxb6 cxb6 38. Rxa4 Rc8 39. Ra8 Rxa8 40.
Rxa8+ Kh7 41. Rd8 Re6 42. Bd5 Re2 43. Bb3 h5 44. Kf3 Re5 45. Kf4 f6 46. Bg8+
Kh6 47. Bd5 Be8 48. g5+ Kg6 49. gxf6 gxf6 50. Be4+ Kf7 51. c4 b5 52. d4 Rg5 53.
c5 Ke7 54. Rb8 Rg4+ 55. Ke3 h4 56. gxh4 Rxh4 57. d5 Bd7 58. d6+ Ke6 59. Rd8 Ke5
60. f3 f5 61. Rxd7 fxe4 62. Re7+ Kd5 63. fxe4+ Kc6 64. Rc7# 1-0

[Event "261st YMCA Summer A"]
[Site "Warsaw"]
[Date "2022.08.12"]
[Round "10"]
[White "Safanowski, Tomasz"]
[Black "Mazurek, Jerzy"]
[Result "0-1"]
[WhiteElo "1671"]
[BlackElo "1746"]
[PlyCount "106"]
[EventDate "2022.06.29"]
[EventType "tourn"]
[EventRounds "1"]
[EventCountry "POL"]
[SourceDate "2022.07.01"]

1. f4 c5 2. Nf3 g6 3. e3 Bg7 4. Be2 Nc6 5. d3 d6 6. O-O e6 7. c3 Nge7 8. Qc2
O-O 9. a4 e5 10. e4 exf4 11. Bxf4 d5 12. Na3 a6 13. Rad1 f6 14. h3 $11 Be6 15.
Kh1 Qb6 16. Rd2 Na5 17. d4 Nb3 18. a5 Nxa5 19. dxc5 Qb3 20. Bd6 Qxc2 21. Nxc2
Rfe8 22. Ncd4 Bf7 23. e5 Nec6 24. e6 Bxe6 25. b4 Nxd4 26. Nxd4 Nc4 27. Bxc4
dxc4 28. Nxe6 Rxe6 29. Rd4 f5 30. Rxc4 b5 31. Rd4 Bxd4 32. cxd4 Rxd6 33. cxd6
Rd8 34. Kg1 Rxd6 35. Rd1 Kf7 36. Kf2 Ke6 37. Ke3 Kd5 38. Kd3 Rc6 39. Re1 Rc4
40. Re5+ Kd6 41. Re8 Rxb4 42. Rd8+ Ke6 43. Re8+ Kf7 44. Ra8 Rb3+ 45. Kc2 Ra3
46. Ra7+ Ke6 47. Rxh7 Ra2+ 48. Kb3 Rxg2 49. Kb4 f4 50. Rb7 Rg5 51. h4 Rf5 52.
Rb6+ Kf7 53. Rxa6 f3 0-1